Disney Characters by Picture #1 - Statistics

General Stats
  • This quiz has been taken 1,594 times
  • The average score is 5 of 7
Answer Stats
Picture Answer % Correct
Mickey Mouse
98%
Cinderella
87%
Bambi
82%
Ariel
71%
Olaf
65%
Simba
50%
Pluto
31%
No matching quizzes found
Score Distribution
Percent of People with Each Score
Percentile by Number Answered
Your Score History
You have not taken this quiz